000 00725nab a2200217u 4500
001 19379
003 HDC
007 c| |||a|c|aaaa
008 210227b20120429my ||||o |||| 00| 0 eng d
040 _aHDC
245 0 _aKenya: Arab Buyer Says Local Meat Expensive in Dubai
336 _atext
_2rdacontent
337 _acomputer
_2rdamedia
338 _aonline resource
_2rdacarrier
650 _aArid and Semi-Arid lands (ASAL)
_917826
650 _aBlue Mountain Food Trading
_917825
856 _zRequest full-text at [email protected]
942 _2lcc
942 _cNEWS
942 _kNWS0 003542
999 _c16695
_d16695